Управление качеством (Запись № 11359282)

Подробности
000 -МАРКЕР
контрольное поле 01260nam0a2200265 4500
001 - ИДЕНТИФИКАТОР ЗАПИСИ
контрольное поле RU\NLR\BIBL_A\011372467
005 - ИДЕНТИФИКАТОР ВЕРСИИ
контрольное поле 20260406042523.0
010 ## - МЕЖДУНАРОДНЫЙ СТАНДАРТНЫЙ НОМЕР КНИГИ (ISBN)
Номер (ISBN) 5-86605-004-8
Тираж 1000
035 ## - ДРУГИЕ СИСТЕМНЫЕ НОМЕРА
Идентификатор записи (NLR Aleph) 011372467
100 ## - ДАННЫЕ ОБЩЕЙ ОБРАБОТКИ
Данные общей обработки 20170421d1999 |||y0rusy50 ca
101 0# - ЯЗЫК РЕСУРСА
Язык текста, звукозаписи и т.д. русский
102 ## - СТРАНА ПУБЛИКАЦИИ ИЛИ ПРОИЗВОДСТВА
Страна публикации Российская Федерация
105 ## - ПОЛЕ КОДИРОВАННЫХ ДАННЫХ: ТЕКСТОВЫЕ МАТЕРИАЛЫ, МОНОГРАФИЧЕСКИЕ
Кодированные данные о монографическом текстовом документе a z 000zy
200 1# - ЗАГЛАВИЕ И СВЕДЕНИЯ ОБ ОТВЕТСТВЕННОСТИ
Основное заглавие Управление качеством
Сведения, относящиеся к заглавию учебное пособие
-- [по специальности "Менеджмент"]
Первые сведения об ответственности В.М. Мишин
Последующие сведения об ответственности Московская академия экономики и права
210 ## - ПУБЛИКАЦИЯ, РАСПРОСТРАНЕНИЕ И ДР.
Место издания, распространения и т.д. Москва
Имя издателя, распространителя и т. д. Собрание [и др.]
Дата издания, распространения и т.д. 1999
215 ## - ФИЗИЧЕСКАЯ ХАРАКТЕРИСТИКА
Специфическое обозначение материала и объем 101, [1] с.
Другие сведения о физической характеристике ил.
Размеры 22
320 ## - ПРИМЕЧАНИЯ О НАЛИЧИИ В ДОКУМЕНТЕ БИБЛИОГРАФИИ / УКАЗАТЕЛЯ
Текст примечания Библиогр.: с. 101-102 (18 назв.)
606 1# - НАИМЕНОВАНИЕ ТЕМЫ КАК ПРЕДМЕТ
Наименование темы Качество продукции
Формальный подзаголовок Учебные издания для высших учебных заведений
Тематический подзаголовок Управление
Системный номер авторитетной/нормативной записи 1474335
Идентификатор авторитетной/нормативной записи RU\NLR\AUTH\66317705
686 1# - ИНДЕКСЫ ДРУГИХ КЛАССИФИКАЦИЙ
Индекс У9(2)-823.2-21я73
700 #1 - ИМЯ ЛИЦА - ПЕРВИЧНАЯ ОТВЕТСТВЕННОСТЬ
Графика поля Кириллица
Материалы, к которым относится поле rus
Начальный элемент ввода Мишин
Часть имени, кроме начального элемента ввода В. М.
Дополнения к именам, кроме дат д-р экон. наук
Даты 1940-2009
Расширение инициалов личного имени Виктор Михайлович
Системный номер авторитетной/нормативной записи 112742
Идентификатор авторитетной/нормативной записи RU\NLR\AUTH\772734
942 ## - ДОПОЛНИТЕЛЬНЫЕ ЭЛЕМЕНТЫ ЗАПИСИ (АБИС)
Тип экземпляра АБИС Книга
980 ## - КОЛЛЕКЦИЯ
Название коллекции Национальная библиография
Экземпляры
Тип экземпляра Дата поступления Источник поступления Стоимость Библиотека постоянного хранения Библиотека текущего хранения Место хранения Шифр хранения Штрих-код Статус экземпляра Нумерация / хронология для периодики
Книга 21.04.2017 Подсобные фонды РНБ 100.00 РНБ (Московский) РНБ (Московский) Русский книжный фонд: издания с 1957 года 2017-5/2824 1-1591912   2005
Книга 21.04.2017 Подсобные фонды РНБ 250.00 РНБ (Московский) РНБ (Московский) Русский книжный фонд: издания с 1957 года 2017-5/2824 1-1717754   2005